[Event "DEM U18w 2024"]
[Site "Willingen GER"]
[Date "2024.05.21"]
[Round "4"]
[White "Zhou, Lepu Coco"]
[Black "Buchholz, Maja Patricia"]
[Result "1-0"]
[Termination "normal"]
[Board "1"]
[WhiteElo "2040"]
[BlackElo "2030"]
[WhiteClock "00:40:51"]
[BlackClock "00:20:09"]
[PlyCount "47"]
[WhiteFideId "16217136"]
[BlackFideId "16200500"]
[EventCountry "GER"]
[EventRounds "9"]
[EventType "swiss"]
[EventDate "2024.05.18"]

1. e4 {[%clk 01:30:56]} {[%emt 00:00:04]} e6 {[%clk 01:30:52]} {[%emt
00:00:08]} 2. d4 {[%clk 01:31:05]} {[%emt 00:00:21]} d5 {[%clk 01:31:17]}
{[%emt 00:00:05]} 3. exd5 {[%clk 01:31:19]} {[%emt 00:00:17]} exd5 {[%clk
01:31:39]} {[%emt 00:00:07]} 4. Nf3 {[%clk 01:31:29]} {[%emt 00:00:20]} Bd6
{[%clk 01:31:56]} {[%emt 00:00:14]} 5. Bd3 {[%clk 01:31:51]} {[%emt 00:00:07]}
Nc6 {[%clk 01:32:02]} {[%emt 00:00:25]} 6. O-O {[%clk 01:31:54]} {[%emt
00:00:26]} Nge7 {[%clk 01:32:16]} {[%emt 00:00:17]} 7. Re1 {[%clk 01:31:55]}
{[%emt 00:00:28]} Bg4 {[%clk 01:32:12]} {[%emt 00:00:33]} 8. c3 {[%clk
01:31:55]} {[%emt 00:00:30]} Qd7 {[%clk 01:32:10]} {[%emt 00:00:33]} 9. Nbd2
{[%clk 01:32:16]} {[%emt 00:00:09]} f6 {[%clk 01:31:36]} {[%emt 00:01:04]} 10.
Qc2 {[%clk 01:21:43]} {[%emt 00:11:03]} O-O-O {[%clk 01:28:57]} {[%emt
00:03:10]} 11. b4 {[%clk 01:18:33]} {[%emt 00:03:40]} Bf5 {[%clk 01:20:33]}
{[%emt 00:08:54]} 12. Nb3 {[%clk 01:17:21]} {[%emt 00:01:41]} Rde8 {[%clk
01:03:40]} {[%emt 00:17:24]} 13. b5 {[%clk 01:07:33]} {[%emt 00:10:18]} Bxd3
{[%clk 01:03:04]} {[%emt 00:01:05]} 14. Qxd3 {[%clk 01:07:57]} {[%emt
00:00:06]} Nd8 {[%clk 01:02:53]} {[%emt 00:00:41]} 15. Nc5 {[%clk 01:07:50]}
{[%emt 00:00:37]} Qg4 {[%clk 01:02:26]} {[%emt 00:00:57]} 16. c4 {[%clk
00:58:17]} {[%emt 00:10:03]} Ng6 {[%clk 00:56:56]} {[%emt 00:06:00]} 17. Bd2
{[%clk 00:52:49]} {[%emt 00:05:58]} Nf7 {[%clk 00:45:37]} {[%emt 00:11:49]} 18.
h3 {[%clk 00:43:50]} {[%emt 00:09:28]} Qh5 {[%clk 00:44:46]} {[%emt 00:01:22]}
19. Ne6 {[%clk 00:43:56]} {[%emt 00:00:24]} Nh4 {[%clk 00:31:05]} {[%emt
00:14:12]} 20. Nxh4 {[%clk 00:42:50]} {[%emt 00:01:35]} Qxh4 {[%clk 00:31:07]}
{[%emt 00:00:28]} 21. c5 {[%clk 00:42:53]} {[%emt 00:00:28]} Bf8 {[%clk
00:29:15]} {[%emt 00:02:21]} 22. Qf5 {[%clk 00:42:40]} {[%emt 00:00:43]} Kb8
{[%clk 00:28:58]} {[%emt 00:00:47]} 23. Qxd5 {[%clk 00:42:41]} {[%emt
00:00:29]} Rc8 {[%clk 00:20:09]} {[%emt 00:09:20]} 24. Re4 {[%clk 00:40:51]}
{[%emt 00:02:19]} 1-0

[Event "DEM U18w 2024"]
[Site "Willingen GER"]
[Date "2024.05.21"]
[Round "4"]
[White "Voigt, Anastasia"]
[Black "Sereda, Yaroslava"]
[Result "0-1"]
[Termination "normal"]
[Board "2"]
[WhiteElo "1992"]
[BlackElo "1925"]
[WhiteClock "00:01:44"]
[BlackClock "00:02:38"]
[PlyCount "72"]
[WhiteFideId "16235223"]
[BlackFideId "14178940"]
[EventCountry "GER"]
[EventRounds "9"]
[EventType "swiss"]
[EventDate "2024.05.18"]

1. e4 {[%clk 01:30:59]} {[%emt 00:00:02]} c5 {[%clk 01:30:54]} {[%emt
00:00:06]} 2. Nf3 {[%clk 01:31:24]} {[%emt 00:00:04]} Nc6 {[%clk 01:31:16]}
{[%emt 00:00:08]} 3. d4 {[%clk 01:31:50]} {[%emt 00:00:04]} cxd4 {[%clk
01:31:39]} {[%emt 00:00:07]} 4. Nxd4 {[%clk 01:32:15]} {[%emt 00:00:05]} e5
{[%clk 01:31:58]} {[%emt 00:00:11]} 5. Nb5 {[%clk 01:32:33]} {[%emt 00:00:13]}
d6 {[%clk 01:32:18]} {[%emt 00:00:09]} 6. N1c3 {[%clk 01:32:40]} {[%emt
00:00:23]} a6 {[%clk 01:32:40]} {[%emt 00:00:09]} 7. Na3 {[%clk 01:33:05]}
{[%emt 00:00:04]} Be7 {[%clk 01:33:01]} {[%emt 00:00:10]} 8. Nc4 {[%clk
01:32:15]} {[%emt 00:01:20]} b5 {[%clk 01:33:15]} {[%emt 00:00:17]} 9. Ne3
{[%clk 01:32:27]} {[%emt 00:00:16]} Nf6 {[%clk 01:33:27]} {[%emt 00:00:19]} 10.
Bd3 {[%clk 01:31:40]} {[%emt 00:01:16]} O-O {[%clk 01:33:41]} {[%emt 00:00:17]}
11. O-O {[%clk 01:31:42]} {[%emt 00:00:28]} Nb4 {[%clk 01:33:37]} {[%emt
00:00:34]} 12. a4 {[%clk 01:24:16]} {[%emt 00:07:56]} Bb7 {[%clk 01:15:17]}
{[%emt 00:18:50]} 13. Ncd5 {[%clk 01:19:39]} {[%emt 00:05:07]} Nbxd5 {[%clk
00:58:52]} {[%emt 00:16:55]} 14. Nxd5 {[%clk 01:17:17]} {[%emt 00:02:50]} Nxd5
{[%clk 00:57:22]} {[%emt 00:02:01]} 15. exd5 {[%clk 01:17:42]} {[%emt
00:00:05]} f5 {[%clk 00:55:32]} {[%emt 00:02:21]} 16. Be2 {[%clk 01:00:27]}
{[%emt 00:17:44]} Qe8 {[%clk 00:49:10]} {[%emt 00:06:53]} 17. b3 {[%clk
00:57:40]} {[%emt 00:03:17]} Qf7 {[%clk 00:39:48]} {[%emt 00:09:52]} 18. axb5
{[%clk 00:45:08]} {[%emt 00:13:02]} axb5 {[%clk 00:40:09]} {[%emt 00:00:09]}
19. Rxa8 {[%clk 00:45:30]} {[%emt 00:00:07]} Rxa8 {[%clk 00:39:05]} {[%emt
00:01:35]} 20. Bxb5 {[%clk 00:45:32]} {[%emt 00:00:27]} Bxd5 {[%clk 00:38:11]}
{[%emt 00:01:25]} 21. Be2 {[%clk 00:42:46]} {[%emt 00:03:14]} Bb7 {[%clk
00:30:31]} {[%emt 00:08:11]} 22. Bb2 {[%clk 00:40:09]} {[%emt 00:03:06]} Kh8
{[%clk 00:28:44]} {[%emt 00:02:18]} 23. Re1 {[%clk 00:35:39]} {[%emt 00:04:57]}
Qg6 {[%clk 00:26:31]} {[%emt 00:02:46]} 24. g3 {[%clk 00:33:21]} {[%emt
00:02:48]} f4 {[%clk 00:23:06]} {[%emt 00:03:56]} 25. Bh5 {[%clk 00:26:50]}
{[%emt 00:06:59]} Qf5 {[%clk 00:20:21]} {[%emt 00:03:16]} 26. Bg4 {[%clk
00:27:12]} {[%emt 00:00:07]} Qf6 {[%clk 00:18:24]} {[%emt 00:02:29]} 27. Qd3
{[%clk 00:21:44]} {[%emt 00:05:57]} Rf8 {[%clk 00:15:15]} {[%emt 00:03:39]} 28.
Rf1 {[%clk 00:18:21]} {[%emt 00:03:52]} Qg5 {[%clk 00:09:52]} {[%emt 00:05:55]}
29. Be6 {[%clk 00:12:19]} {[%emt 00:06:31]} e4 {[%clk 00:05:49]} {[%emt
00:04:33]} 30. Qe2 {[%clk 00:09:43]} {[%emt 00:03:05]} fxg3 {[%clk 00:05:09]}
{[%emt 00:01:12]} 31. fxg3 {[%clk 00:08:36]} {[%emt 00:01:36]} Qc5+ {[%clk
00:04:44]} {[%emt 00:00:55]} 32. Rf2 {[%clk 00:08:17]} {[%emt 00:00:49]} Rxf2
{[%clk 00:03:03]} {[%emt 00:02:11]} 33. Qxf2 {[%clk 00:08:38]} {[%emt
00:00:09]} e3 {[%clk 00:02:24]} {[%emt 00:01:10]} 34. Qe2 {[%clk 00:03:08]}
{[%emt 00:05:59]} Bf3 {[%clk 00:01:52]} {[%emt 00:01:02]} 35. Qxf3 {[%clk
00:01:16]} {[%emt 00:02:21]} e2+ {[%clk 00:02:16]} {[%emt 00:00:07]} 36. Kg2
{[%clk 00:01:44]} {[%emt 00:00:01]} e1=N+ {[%clk 00:02:38]} {[%emt 00:00:09]}
0-1

[Event "DEM U18w 2024"]
[Site "Willingen GER"]
[Date "2024.05.21"]
[Round "4"]
[White "Frowein, Jamie"]
[Black "Pohle, Saskia"]
[Result "0-1"]
[Termination "normal"]
[Board "3"]
[WhiteElo "1719"]
[BlackElo "1901"]
[WhiteClock "00:06:47"]
[BlackClock "00:12:29"]
[PlyCount "68"]
[WhiteFideId "16282949"]
[BlackFideId "16201604"]
[EventCountry "GER"]
[EventRounds "9"]
[EventType "swiss"]
[EventDate "2024.05.18"]

1. c4 {[%clk 01:30:57]} {[%emt 00:00:04]} e6 {[%clk 01:30:41]} {[%emt
00:00:19]} 2. Nf3 {[%clk 01:31:16]} {[%emt 00:00:11]} Nf6 {[%clk 01:30:24]}
{[%emt 00:00:47]} 3. Nc3 {[%clk 01:31:38]} {[%emt 00:00:07]} d5 {[%clk
01:30:22]} {[%emt 00:00:33]} 4. e3 {[%clk 01:32:02]} {[%emt 00:00:06]} b6
{[%clk 01:29:42]} {[%emt 00:01:10]} 5. cxd5 {[%clk 01:32:12]} {[%emt 00:00:20]}
exd5 {[%clk 01:27:50]} {[%emt 00:02:22]} 6. d4 {[%clk 01:30:27]} {[%emt
00:02:15]} Nbd7 {[%clk 01:26:11]} {[%emt 00:02:08]} 7. Bd3 {[%clk 01:27:09]}
{[%emt 00:03:48]} Bb7 {[%clk 01:24:53]} {[%emt 00:01:49]} 8. O-O {[%clk
01:25:18]} {[%emt 00:02:21]} a6 {[%clk 01:11:36]} {[%emt 00:13:47]} 9. b3
{[%clk 01:22:38]} {[%emt 00:03:10]} Bd6 {[%clk 01:10:45]} {[%emt 00:01:22]} 10.
Re1 {[%clk 01:19:33]} {[%emt 00:03:34]} Ne4 {[%clk 01:07:39]} {[%emt 00:03:36]}
11. Qc2 {[%clk 01:15:12]} {[%emt 00:04:50]} f5 {[%clk 01:05:21]} {[%emt
00:02:49]} 12. Nd2 {[%clk 01:09:34]} {[%emt 00:06:08]} Bxh2+ {[%clk 00:57:29]}
{[%emt 00:08:22]} 13. Kf1 {[%clk 01:08:20]} {[%emt 00:01:44]} Bd6 {[%clk
00:54:08]} {[%emt 00:03:50]} 14. Ke2 {[%clk 00:47:34]} {[%emt 00:21:16]} Qh4
{[%clk 00:46:59]} {[%emt 00:07:39]} 15. Rf1 {[%clk 00:46:37]} {[%emt 00:01:27]}
Qg4+ {[%clk 00:43:57]} {[%emt 00:03:32]} 16. Ke1 {[%clk 00:44:06]} {[%emt
00:03:02]} Qxg2 {[%clk 00:43:32]} {[%emt 00:00:54]} 17. Bb2 {[%clk 00:39:58]}
{[%emt 00:04:38]} O-O-O {[%clk 00:27:17]} {[%emt 00:16:46]} 18. Ne2 {[%clk
00:32:43]} {[%emt 00:07:45]} Ndf6 {[%clk 00:25:52]} {[%emt 00:01:54]} 19. Bxe4
{[%clk 00:27:57]} {[%emt 00:05:16]} Nxe4 {[%clk 00:25:02]} {[%emt 00:01:21]}
20. Nxe4 {[%clk 00:27:36]} {[%emt 00:00:50]} Qxe4 {[%clk 00:25:01]} {[%emt
00:00:31]} 21. Qd2 {[%clk 00:25:51]} {[%emt 00:02:16]} Rde8 {[%clk 00:23:10]}
{[%emt 00:02:21]} 22. Kd1 {[%clk 00:24:29]} {[%emt 00:01:51]} g5 {[%clk
00:20:41]} {[%emt 00:03:00]} 23. Nc3 {[%clk 00:23:35]} {[%emt 00:01:24]} Qf3+
{[%clk 00:20:35]} {[%emt 00:00:35]} 24. Kc2 {[%clk 00:23:46]} {[%emt 00:00:19]}
h5 {[%clk 00:19:38]} {[%emt 00:01:27]} 25. Rh1 {[%clk 00:21:32]} {[%emt
00:02:44]} f4 {[%clk 00:16:55]} {[%emt 00:03:13]} 26. Rae1 {[%clk 00:18:49]}
{[%emt 00:03:13]} g4 {[%clk 00:15:16]} {[%emt 00:02:09]} 27. Nd1 {[%clk
00:16:36]} {[%emt 00:02:43]} g3 {[%clk 00:13:21]} {[%emt 00:02:25]} 28. fxg3
{[%clk 00:16:29]} {[%emt 00:00:37]} fxg3 {[%clk 00:13:35]} {[%emt 00:00:16]}
29. Reg1 {[%clk 00:15:26]} {[%emt 00:01:33]} h4 {[%clk 00:13:45]} {[%emt
00:00:21]} 30. Kc1 {[%clk 00:09:55]} {[%emt 00:06:00]} h3 {[%clk 00:13:40]}
{[%emt 00:00:35]} 31. Rf1 {[%clk 00:08:32]} {[%emt 00:01:53]} g2 {[%clk
00:13:09]} {[%emt 00:01:01]} 32. Rxf3 {[%clk 00:08:52]} {[%emt 00:00:10]}
gxh1=Q {[%clk 00:13:30]} {[%emt 00:00:09]} 33. Qe2 {[%clk 00:08:07]} {[%emt
00:01:15]} h2 {[%clk 00:12:40]} {[%emt 00:01:20]} 34. Rf1 {[%clk 00:06:47]}
{[%emt 00:01:50]} Qxf1 {[%clk 00:12:29]} {[%emt 00:00:41]} 0-1

[Event "DEM U18w 2024"]
[Site "Willingen GER"]
[Date "2024.05.21"]
[Round "4"]
[White "Werner, Rosalie"]
[Black "Schmidt, Luise"]
[Result "1-0"]
[Termination "normal"]
[Board "4"]
[WhiteElo "1938"]
[BlackElo "1666"]
[WhiteClock "00:01:28"]
[BlackClock "00:16:14"]
[PlyCount "75"]
[WhiteFideId "16223748"]
[BlackFideId "16294475"]
[EventCountry "GER"]
[EventRounds "9"]
[EventType "swiss"]
[EventDate "2024.05.18"]

1. e4 {[%clk 01:30:58]} e5 {[%clk 01:30:55]} {[%emt 00:00:06]} 2. Nf3 {[%clk
01:31:24]} {[%emt 00:00:04]} Nc6 {[%clk 01:31:20]} {[%emt 00:00:05]} 3. Bc4
{[%clk 01:31:48]} {[%emt 00:00:06]} Bc5 {[%clk 01:31:44]} {[%emt 00:00:06]} 4.
c3 {[%clk 01:32:13]} {[%emt 00:00:05]} Nf6 {[%clk 01:32:07]} {[%emt 00:00:07]}
5. d3 {[%clk 01:32:37]} {[%emt 00:00:06]} d6 {[%clk 01:32:11]} {[%emt
00:00:26]} 6. O-O {[%clk 01:32:52]} {[%emt 00:00:15]} h6 {[%clk 01:30:19]}
{[%emt 00:02:22]} 7. Re1 {[%clk 01:33:00]} {[%emt 00:00:21]} O-O {[%clk
01:29:44]} {[%emt 00:01:06]} 8. h3 {[%clk 01:33:15]} {[%emt 00:00:16]} Re8
{[%clk 01:29:10]} {[%emt 00:01:03]} 9. a4 {[%clk 01:28:59]} {[%emt 00:04:47]}
Be6 {[%clk 01:24:52]} {[%emt 00:04:48]} 10. Bxe6 {[%clk 01:29:01]} {[%emt
00:00:27]} Rxe6 {[%clk 01:25:11]} {[%emt 00:00:11]} 11. b4 {[%clk 01:29:17]}
{[%emt 00:00:14]} Nxb4 {[%clk 01:23:27]} {[%emt 00:02:14]} 12. cxb4 {[%clk
01:29:26]} {[%emt 00:00:21]} Bxb4 {[%clk 01:23:23]} {[%emt 00:00:34]} 13. Bd2
{[%clk 01:23:52]} {[%emt 00:06:04]} Bc5 {[%clk 01:23:08]} {[%emt 00:00:45]} 14.
Nc3 {[%clk 01:18:22]} {[%emt 00:06:00]} c6 {[%clk 01:22:06]} {[%emt 00:01:31]}
15. Qc2 {[%clk 01:09:28]} {[%emt 00:09:24]} Qc7 {[%clk 01:19:49]} {[%emt
00:02:49]} 16. Be3 {[%clk 01:04:00]} {[%emt 00:05:57]} Bb4 {[%clk 01:18:22]}
{[%emt 00:01:58]} 17. Qb3 {[%clk 01:01:20]} {[%emt 00:03:09]} Ba5 {[%clk
01:18:18]} {[%emt 00:00:34]} 18. Rec1 {[%clk 00:59:16]} {[%emt 00:02:33]} Qd7
{[%clk 01:16:23]} {[%emt 00:02:26]} 19. Rab1 {[%clk 00:53:16]} {[%emt
00:06:31]} d5 {[%clk 01:11:49]} {[%emt 00:05:04]} 20. Bd2 {[%clk 00:45:19]}
{[%emt 00:08:26]} dxe4 {[%clk 01:02:38]} {[%emt 00:09:41]} 21. Nxe4 {[%clk
00:39:29]} {[%emt 00:06:20]} Bxd2 {[%clk 01:01:35]} {[%emt 00:01:34]} 22. Nxf6+
{[%clk 00:38:20]} {[%emt 00:01:38]} Rxf6 {[%clk 01:00:59]} {[%emt 00:01:06]}
23. Nxd2 {[%clk 00:38:42]} {[%emt 00:00:07]} b6 {[%clk 00:58:37]} {[%emt
00:02:53]} 24. Nf3 {[%clk 00:35:04]} {[%emt 00:04:07]} Qf5 {[%clk 00:57:03]}
{[%emt 00:02:05]} 25. Re1 {[%clk 00:31:10]} {[%emt 00:04:24]} Re8 {[%clk
00:55:02]} {[%emt 00:02:31]} 26. Re4 {[%clk 00:28:58]} {[%emt 00:02:42]} Rfe6
{[%clk 00:47:26]} {[%emt 00:08:06]} 27. Rbe1 {[%clk 00:27:21]} {[%emt
00:02:06]} Kh8 {[%clk 00:40:54]} {[%emt 00:07:03]} 28. Qb2 {[%clk 00:24:35]}
{[%emt 00:03:16]} f6 {[%clk 00:38:45]} {[%emt 00:02:39]} 29. Qb3 {[%clk
00:20:20]} {[%emt 00:04:45]} Rd6 {[%clk 00:27:20]} {[%emt 00:11:55]} 30. d4
{[%clk 00:17:45]} {[%emt 00:03:04]} Rd5 {[%clk 00:24:59]} {[%emt 00:02:52]} 31.
dxe5 {[%clk 00:13:32]} {[%emt 00:04:43]} fxe5 {[%clk 00:24:36]} {[%emt
00:00:54]} 32. Qb2 {[%clk 00:11:58]} {[%emt 00:02:02]} Ra5 {[%clk 00:22:00]}
{[%emt 00:03:07]} 33. Nxe5 {[%clk 00:06:50]} {[%emt 00:05:38]} Rc8 {[%clk
00:21:09]} {[%emt 00:01:21]} 34. Nc4 {[%clk 00:04:37]} {[%emt 00:02:42]} Rd5
{[%clk 00:19:29]} {[%emt 00:02:11]} 35. Re6 {[%clk 00:03:53]} {[%emt 00:01:13]}
Qh5 {[%clk 00:17:45]} {[%emt 00:02:12]} 36. Ne3 {[%clk 00:02:46]} {[%emt
00:01:39]} Rg5 {[%clk 00:16:14]} {[%emt 00:02:02]} 37. Ng4 {[%clk 00:02:15]}
{[%emt 00:01:01]} Rg6 {[%clk 00:16:14]} {[%emt 00:00:29]} 38. Re7 {[%clk
00:01:28]} {[%emt 00:01:18]} 1-0

[Event "DEM U18w 2024"]
[Site "Willingen GER"]
[Date "2024.05.21"]
[Round "4"]
[White "Hellenbroich, Helene"]
[Black "von Beckh, Frieda"]
[Result "0-1"]
[Termination "normal"]
[Board "5"]
[WhiteElo "1640"]
[BlackElo "1764"]
[WhiteClock "00:02:13"]
[BlackClock "00:14:19"]
[PlyCount "62"]
[WhiteFideId "16270754"]
[BlackFideId "16233751"]
[EventCountry "GER"]
[EventRounds "9"]
[EventType "swiss"]
[EventDate "2024.05.18"]

1. e4 {[%clk 01:30:43]} {[%emt 00:00:16]} c5 {[%clk 01:30:55]} {[%emt
00:00:06]} 2. c3 {[%clk 01:30:55]} {[%emt 00:00:18]} Nf6 {[%clk 01:30:54]}
{[%emt 00:00:30]} 3. e5 {[%clk 01:30:39]} {[%emt 00:00:47]} Nd5 {[%clk
01:31:19]} {[%emt 00:00:05]} 4. d4 {[%clk 01:30:40]} {[%emt 00:00:28]} cxd4
{[%clk 01:31:40]} {[%emt 00:00:10]} 5. cxd4 {[%clk 01:31:03]} {[%emt 00:00:07]}
Nc6 {[%clk 01:32:04]} {[%emt 00:00:06]} 6. Nc3 {[%clk 01:31:04]} {[%emt
00:00:28]} Qa5 {[%clk 01:22:23]} {[%emt 00:10:11]} 7. Nf3 {[%clk 01:30:35]}
{[%emt 00:00:59]} e6 {[%clk 01:13:32]} {[%emt 00:09:20]} 8. Bd2 {[%clk
01:27:11]} {[%emt 00:03:55]} Bb4 {[%clk 01:11:19]} {[%emt 00:02:44]} 9. Nb5
{[%clk 01:18:37]} {[%emt 00:09:03]} O-O {[%clk 01:08:41]} {[%emt 00:03:08]} 10.
a3 {[%clk 01:15:59]} {[%emt 00:03:09]} Bxd2+ {[%clk 01:07:49]} {[%emt
00:01:21]} 11. Qxd2 {[%clk 01:11:26]} {[%emt 00:05:03]} Qb6 {[%clk 01:04:21]}
{[%emt 00:03:57]} 12. Nd6 {[%clk 00:58:50]} {[%emt 00:13:07]} f6 {[%clk
01:02:44]} {[%emt 00:02:07]} 13. Bd3 {[%clk 00:51:31]} {[%emt 00:07:49]} fxe5
{[%clk 00:46:18]} {[%emt 00:16:56]} 14. dxe5 {[%clk 00:50:18]} {[%emt
00:01:42]} Nxe5 {[%clk 00:41:25]} {[%emt 00:05:25]} 15. Nxe5 {[%clk 00:33:59]}
{[%emt 00:16:48]} Qxd6 {[%clk 00:41:39]} {[%emt 00:00:16]} 16. Nf3 {[%clk
00:33:29]} {[%emt 00:01:00]} b6 {[%clk 00:36:46]} {[%emt 00:05:24]} 17. O-O
{[%clk 00:24:34]} {[%emt 00:09:25]} Bb7 {[%clk 00:35:48]} {[%emt 00:01:27]} 18.
Ng5 {[%clk 00:17:45]} {[%emt 00:07:19]} g6 {[%clk 00:35:04]} {[%emt 00:01:14]}
19. Be4 {[%clk 00:12:46]} {[%emt 00:05:28]} Qe5 {[%clk 00:30:14]} {[%emt
00:05:19]} 20. Rfe1 {[%clk 00:12:20]} {[%emt 00:00:58]} Qf6 {[%clk 00:24:02]}
{[%emt 00:06:41]} 21. Nf3 {[%clk 00:12:10]} {[%emt 00:00:42]} Rab8 {[%clk
00:21:35]} {[%emt 00:02:56]} 22. Nd4 {[%clk 00:11:14]} {[%emt 00:01:26]} Nf4
{[%clk 00:20:01]} {[%emt 00:02:04]} 23. Nf3 {[%clk 00:09:11]} {[%emt 00:02:33]}
Bxe4 {[%clk 00:18:53]} {[%emt 00:01:39]} 24. Rxe4 {[%clk 00:09:32]} {[%emt
00:00:08]} Nxg2 {[%clk 00:18:11]} {[%emt 00:01:10]} 25. Ne5 {[%clk 00:08:53]}
{[%emt 00:01:11]} Nh4 {[%clk 00:16:36]} {[%emt 00:02:04]} 26. Qe2 {[%clk
00:03:23]} {[%emt 00:06:01]} Qg5+ {[%clk 00:13:34]} {[%emt 00:03:32]} 27. Rg4
{[%clk 00:02:29]} {[%emt 00:01:24]} Qxe5 {[%clk 00:13:04]} {[%emt 00:01:00]}
28. Qd3 {[%clk 00:01:39]} {[%emt 00:01:20]} Nf3+ {[%clk 00:13:14]} {[%emt
00:00:20]} 29. Kf1 {[%clk 00:02:00]} {[%emt 00:00:09]} Nxh2+ {[%clk 00:13:34]}
{[%emt 00:00:10]} 30. Kg1 {[%clk 00:02:19]} {[%emt 00:00:11]} Nxg4 {[%clk
00:13:58]} {[%emt 00:00:06]} 31. Kh1 {[%clk 00:02:13]} {[%emt 00:00:37]} Qh2#
{[%clk 00:14:19]} {[%emt 00:00:08]} 0-1

[Event "DEM U18w 2024"]
[Site "Willingen GER"]
[Date "2024.05.21"]
[Round "4"]
[White "Wimmer, Katharina"]
[Black "Modali, Nikhilamrutha"]
[Result "1/2-1/2"]
[Termination "normal"]
[Board "6"]
[WhiteElo "1641"]
[BlackElo "1608"]
[WhiteClock "00:18:43"]
[BlackClock "00:07:50"]
[PlyCount "44"]
[WhiteFideId "16265947"]
[BlackFideId "16282370"]
[EventCountry "GER"]
[EventRounds "9"]
[EventType "swiss"]
[EventDate "2024.05.18"]

1. e4 {[%clk 01:30:59]} c5 {[%clk 01:30:58]} {[%emt 00:00:03]} 2. Nc3 {[%clk
01:31:21]} {[%emt 00:00:08]} e6 {[%clk 01:30:27]} {[%emt 00:01:00]} 3. f4
{[%clk 01:31:33]} {[%emt 00:00:19]} d5 {[%clk 01:27:47]} {[%emt 00:03:10]} 4.
d3 {[%clk 01:31:47]} {[%emt 00:00:16]} Nc6 {[%clk 01:24:58]} {[%emt 00:03:19]}
5. Nf3 {[%clk 01:31:43]} {[%emt 00:00:33]} Nf6 {[%clk 01:18:47]} {[%emt
00:06:42]} 6. e5 {[%clk 01:30:03]} {[%emt 00:02:10]} Nd7 {[%clk 01:18:44]}
{[%emt 00:00:33]} 7. Bd2 {[%clk 01:24:08]} {[%emt 00:06:25]} a6 {[%clk
01:15:19]} {[%emt 00:03:56]} 8. a4 {[%clk 01:22:46]} {[%emt 00:01:51]} Rb8
{[%clk 01:12:18]} {[%emt 00:03:31]} 9. g3 {[%clk 01:16:41]} {[%emt 00:06:35]}
b5 {[%clk 01:07:32]} {[%emt 00:05:16]} 10. Bg2 {[%clk 01:13:41]} {[%emt
00:03:30]} b4 {[%clk 00:54:08]} {[%emt 00:13:54]} 11. Ne2 {[%clk 01:13:55]}
{[%emt 00:00:15]} Bb7 {[%clk 00:49:14]} {[%emt 00:05:25]} 12. O-O {[%clk
01:09:18]} {[%emt 00:05:05]} c4 {[%clk 00:40:33]} {[%emt 00:09:12]} 13. d4
{[%clk 01:05:53]} {[%emt 00:03:55]} Be7 {[%clk 00:34:36]} {[%emt 00:06:27]} 14.
Bh3 {[%clk 00:58:30]} {[%emt 00:07:54]} Nf8 {[%clk 00:27:04]} {[%emt 00:08:03]}
15. Qe1 {[%clk 00:50:10]} {[%emt 00:08:49]} Kd7 {[%clk 00:21:43]} {[%emt
00:05:51]} 16. f5 {[%clk 00:45:56]} {[%emt 00:04:44]} Bc8 {[%clk 00:15:10]}
{[%emt 00:07:04]} 17. Nf4 {[%clk 00:40:51]} {[%emt 00:05:33]} Kc7 {[%clk
00:12:20]} {[%emt 00:03:21]} 18. g4 {[%clk 00:34:02]} {[%emt 00:07:19]} a5
{[%clk 00:11:39]} {[%emt 00:01:11]} 19. Ng2 {[%clk 00:27:03]} {[%emt 00:07:29]}
Qe8 {[%clk 00:10:32]} {[%emt 00:01:37]} 20. Bf4 {[%clk 00:25:37]} {[%emt
00:01:56]} g6 {[%clk 00:09:25]} {[%emt 00:01:38]} 21. f6 {[%clk 00:23:17]}
{[%emt 00:02:49]} Bd8 {[%clk 00:09:51]} {[%emt 00:00:04]} 22. g5 {[%clk
00:18:43]} {[%emt 00:05:04]} Nd7 {[%clk 00:07:50]} {[%emt 00:02:32]} 1/2-1/2